MDQL
is popping MORE tags! Check the
thread
!
Quizzes
Events
Quiz Creation
Community
Videos
Private Events
Remove Ads
Sign In
Join for FREE
Feedback
Dark Mode
Quiz Categories
Sports
Geography
Music
Movies
Television
Just For Fun
Miscellaneous
History
Literature
Language
Science
Gaming
Entertainment
Religion
Holiday
For Kids
Quiz Lab
Recent
Popular Today
Quiz Kudos Today
Editor Picks
Curator Picks
Quizzes by...
Day
Popularity
Type
Ratings
Length
Year
Community
Subscriptions
Recent Discussions
Orange Saloon
Badges
Playlists
Quests
Create
Leaderboards
Showdown
Live 5
Trivia Bingo
Activity
Puzzle Library
Sporcle Events
Private Events
Virtual Trivia
Globe League
Become a Host
Pub Owners
SporcleCon
Opinionation
Our Games
Videos
Blog
Mobile Apps
Partnerships
Remove Ads and Go Orange
Feedback
Just For Fun
Clickable
Get the Picture
Humor
Quick Pick
Word Ladder
Missing Word
Mixed Word
Blitz
Minefield
This or That
Alphabet
Color
Typing
Sporcle
Puzzle
Word Play
Follow That Line
Logic
Just For Fun
Clickable
Get the Picture
Humor
Quick Pick
Word Ladder
Missing Word
Mixed Word
Blitz
Minefield
This or That
Alphabet
Color
Typing
Sporcle
Puzzle
Word Play
Follow That Line
Logic
Random Quiz
Search Sporcle
×
Quiz Lab
Quiz Lab
Just For Fun
The Other
Type in answers that appear in a list
Type in answers that appear in a list
Classic
Best Score? Go Orange.
This That The Other Stats
Can you name the words in the This, That AND The Other pattern if given the middle word?
By
craftyatty
4m
20 Questions
25 Plays
25 Plays
25 Plays
Comments
Comments
Give Quiz Kudos
Give Quiz Kudos
-
- Ratings
hide this ad
Replay
Link that replays current quiz
Next Quiz
Link to next quiz in quiz playlist
You Got
0%
They Got
Avg Score
67%
Avg Friend Score
Upgrade to see
Score Distribution
Jump to the score distribution portion of the page
Score
0/20
Timer
04:00
0
Plays Today
Hint
Answer
% Correct
_
_
_
Myself and _
_
_
_
_
_
Me, I
96%
_
_
_
_
_
_
Present and _
_
_
_
_
_
_
Past, Future
88%
_
_
_
Wind and _
_
_
_
_
_
Earth, Fire
80%
_
_
_
_
_
Rattle and _
_
_
_
_
_
_
Shake, Roll
80%
_
_
_
_
_
Paul and _
_
_
_
_
_
_
_
Peter, Mary
80%
_
_
_
_
_
_
Skip and _
_
_
_
_
_
_
Hop, Jump
80%
_
_
_
_
Dick and _
_
_
_
_
_
_
Tom, Harry
76%
_
_
_
_
_
_
_
Noon and _
_
_
_
_
_
_
Morning, Night
76%
_
_
_
_
_
_
Drop and _
_
_
_
_
_
_
Stop, Roll
76%
_
_
_
Larry and _
_
_
_
_
_
_
_
Moe, Curly
72%
Hint
Answer
% Correct
_
_
_
_
_
_
_
Dewey and _
_
_
_
_
_
_
Huey, Louie
72%
_
_
_
_
_
Look and _
_
_
_
_
_
_
Stop, Listen
68%
_
_
_
_
_
_
Line and _
_
_
_
_
_
_
Hook, Sinker
68%
_
_
_
_
_
Stock and _
_
_
_
_
_
_
Lock, Barrel
68%
_
_
_
_
_
_
_
Set and _
_
_
_
_
_
_
_
_
Game, Match
56%
_
_
_
_
_
_
_
Blynken and _
_
_
_
_
_
_
Wynken, Nod
48%
_
_
_
_
_
_
Mopsy and _
_
_
_
_
_
_
_
_
Flopsy, Cottontail
44%
_
_
_
_
_
_
Hope and _
_
_
_
_
_
_
Faith, Charity
44%
_
_
_
_
_
_
Book and _
_
_
_
_
_
_
_
Bell, Candle
36%
_
_
_
_
_
Women and _
_
_
_
_
_
_
_
Wine, Song
32%
Quiz Playlist
Details
Report
Send in Message
Add To Playlist
Classic:
Type in answers that appear in a list
Last Updated: Feb 16, 2017
Quiz Scoreboard
CHALLENGE
Sign Up to Join the Scoreboard
Show All
Scores
Hide
Comments
May contain spoilers
Recently Published
Holiday 10x10 Sorting Gallery
by lukepisani3
Holiday
15m
Two Season TV Shows II
by 123Four
Television
10m
Image Sorting: Flags VI
by Barbecue
Geography
2m
More to Explore
Quiz From the Vault
Featured Blog Post
14 Easter Pick-up Lines to Find Eggs With
hide this ad
You Might Also Like...
Tags
middle
Pattern
The Other
Today's Top Quizzes in Just For Fun
Browse Just For Fun
hide this ad
Top Contributed Quizzes in Just For Fun
1
Name Just One - 10 to 1: Just For Fun
2
Missing Word: 2-Letter A-Z II
3
Avatar the Last Airbender: Logic Puzzle
4
Missing Letter Whitney Houston Songs
5
Missing Word: 'Of' Things A-Z
6
It's Magic / Witchcraft 🎩🪄🧙♀️
7
Eurovision 2024 Countries Logic Puzzle
8
Survivor Winners Logic Puzzle
9
Missing Word: 'Of' Things A-Z II
10
Killer Double Trees 224 - Colour Match-Up
Explore More
Trending Topics
Crossword
Disney
Kpop
Marvel
Harry Potter
NBA
Anime
Song
The Office
Pokémon
Country
Puzzle
NFL
WWE
Soccer
hide this ad
More By:
craftyatty
Quiz
Plays
Rating
Category
Featured
Created
Junk Food Origins
188
3.00
Just For Fun
Feb 25, 2014
Woody Allen Movies
121
5.00
Movies
Feb 21, 2014
Fictional 60s Bands
101
3.00
Music
May 24, 2014
Movies with Nationality
68
2.25
Movies
Mar 22, 2014
Female Mystery Writers
64
4.50
Literature
Feb 22, 2014
Go to Creator's Profile
Score Distribution
Quiz Creator Spotlight
craftyatty
Follow
Send a Message
Quizzes Created
-
Created Quiz Play Count
-
More By This Creator
Popular Quizzes Today
1
Find the US States - No Outlines Minefield
2
Colored Red Africa Blitz
3
Find the 'City' Movie
4
The Countries of the World
5
5x2 Blitz: Bands
6
Find the Countries of Europe - No Outlines Minefield
7
Find the US States
8
US States
More Just For Fun Quizzes
Word Ladder: Rookie of the Year and MVP
Quiz Lab
Trending Quizzes
Colored Red Europe Blitz I
Colored Red Africa Blitz II
Colored Red Europe Blitz II
Even More Two Season TV Shows
Colored Red Africa Blitz III
Recently Updated
Quick Pick: 20 Twenties
pecheneg
March Madness Men's Triple Doubles
pecheneg
How Do You Spell That?
pecheneg
Godzilla Movies
pecheneg
Grab Bag: 4-10 Letters
pecheneg
2024 March Madness Bracket
pecheneg
Famous TV Couples
Peacemaker
Champions League XIs: Real Madrid
pecheneg
Largest US Cities 1790-2010
pecheneg
Rides in Walt Disney World
pecheneg
Trending Topics
NBA
Anime
Crossword
Harry Potter
Marvel
Kpop
Disney
Puzzle
Song
Soccer
WWE
The Office
Country
Pokémon
NFL
Your Account Isn't Verified!
In order to create a playlist on Sporcle, you need to verify the email address you used during registration. Go to your
Sporcle Settings
to finish the process.
Report this User
Report this user for behavior that violates our
Community Guidelines
.
Details:
Send Report
Go to the Sporcle.com Mobile Site →
Comments